Výkon štátnej správy a samosprávy v školstve (1.)

Bibliographic Details
Main Author: Konečná Veverková, Ingrid (Author)
Format: Article
Language:Slovak

MARC

LEADER 00000nab a2200000uu 4500
001 vtls010883841
003 SK-MaSNL
005 20260303105732.0
008 230121|2007 xo |||||||||||||||||slo|
015 |a SNBRB 
035 |a (urnnbn)urn:nbn:sk:snk:ar-0029bl 
035 |a (uuid)d179c78c-3658-439d-a260-0fe4a3443304 
035 |a urn:nbn:sk:snk-ab8f9v 
040 |a SNKBUCL  |b slo  |c SNKBUCL  |e AACR2 
041 0 |a slo 
044 |a xo  |c SK 
100 1 |a Konečná Veverková, Ingrid  |4 aut  |9 159633 
245 1 0 |a Výkon štátnej správy a samosprávy v školstve (1.)  |c Ingrid Veverková 
773 0 |t Manažment školy v praxi : odborný mesačník pre manažment škôl, školských a predškolských zariadení  |g Č. 9 (2007), s. 2-5 
954 |a odborná, vedecká literatúra pôvodná (slovenská)  |2 lita 
958 |a OND 
958 |a EUIPO 
958 |a article10 
999 |c 1864913  |d 1866843